Statistics for Countries Containing Two I's - Three Minute Sprint

Click here to take the quiz!

General Stats

  • This quiz has been taken 141 times
  • The average score is 19 of 35

Answer Stats

country% Correct
India
92%
Indonesia
89%
Saint Kitts and Nevis
71%
United Kingdom
71%
United Arab Emirates
69%
Kiribati
68%
Saint Vincent and the Grenadines
66%
Lithuania
65%
Saint Lucia
63%
Trinidad and Tobago
60%
Saudi Arabia
58%
Dominica
57%
Fiji
57%
Dominican Republic
55%
Haiti
55%
Philippines
55%
Mauritania
54%
Mauritius
52%
Central African Republic
51%
Namibia
51%
Bolivia
49%
Guinea-Bissau
49%
Micronesia
49%
Nigeria
49%
Equatorial Guinea
46%
Liechtenstein
45%
Djibouti
42%
Tajikistan
42%
Tunisia
42%
Bosnia and Herzegovina
40%
Liberia
40%
Vatican City
38%
Ethiopia
32%
São Tomé and Príncipe
20%
Côte d'Ivoire
17%

Score Distribution

Percentile by Number Answered

Percent of People with Each Score

Your Score History

You have not taken this quiz